[Event "2MCR_3DE_1L_1S"]
[Site "?"]
[Date "2007.??.??"]
[Round "?"]
[White "Novak, Vratislav"]
[Black "Toman, Antonin"]
[Result "1/2-1/2"]
[WhiteElo "2292"]
[BlackElo "2271"]
[Annotator "001"]
[PlyCount "53"]
[EventDate "2007.??.??"]
[EventType "corr"]
[EventRounds "1"]
[SourceDate "2007.01.28"]

1. e4 e5 2. Nf3 Nc6 3. Bb5 a6 4. Ba4 Nf6 5. O-O Be7 6. Re1 b5 7. Bb3 O-O 8. c3
d5 9. exd5 Nxd5 10. Nxe5 Nxe5 11. Rxe5 c6 12. d4 Bd6 13. Re1 Qh4 14. g3 Qh3 15.
Be3 Bg4 16. Qd3 Rae8 17. Nd2 Re6 18. a4 Qh5 19. axb5 axb5 20. Ne4 Bf5 21. Bd2
Rxe4 22. Rxe4 Nf6 23. f3 Qg6 24. Bc2 Bxg3 25. hxg3 Qxg3+ 26. Kh1 Qh3+ 27. Kg1
1/2-1/2

[Event "2MCR_3DE_1L_3S"]
[Site "?"]
[Date "2007.??.??"]
[Round "?"]
[White "Mezera, Lukas"]
[Black "Nigrin, Jiri"]
[Result "1-0"]
[WhiteElo "2285"]
[BlackElo "2002"]
[Annotator "003"]
[PlyCount "23"]
[EventDate "2007.??.??"]
[EventType "corr"]
[EventRounds "1"]
[SourceDate "2007.01.28"]

1. e4 c5 2. Nf3 d6 3. d4 cxd4 4. Nxd4 Nf6 5. Nc3 a6 6. Bg5 e6 7. f4 Qb6 8. Qd2
Qxb2 9. Nb3 Nc6 10. Bxf6 gxf6 11. Na4 Qe5 12. fxe5 1-0

[Event "2MCR_3DE_1L_1S"]
[Site "?"]
[Date "2007.??.??"]
[Round "?"]
[White "Zahour, Jiri"]
[Black "Kuchta, Jiri"]
[Result "1-0"]
[WhiteElo "2307"]
[BlackElo "2244"]
[Annotator "002"]
[PlyCount "53"]
[EventDate "2007.??.??"]
[EventType "corr"]
[EventRounds "1"]
[SourceDate "2007.01.28"]

1. e4 e6 2. d4 d5 3. Nd2 c5 4. exd5 Qxd5 5. Ngf3 cxd4 6. Bc4 Qd6 7. O-O Nf6 8.
Nb3 Nc6 9. Nbxd4 Nxd4 10. Nxd4 Be7 11. b3 a6 12. a4 Qc7 13. Qf3 O-O 14. Bg5 Qe5
15. Be3 Qc7 16. Rad1 Bd6 17. Qh3 Bd7 18. Rfe1 Bb4 19. Rf1 e5 20. Nf5 Kh8 21.
Qf3 b5 22. Bd3 bxa4 23. bxa4 Bxa4 24. Qg3 Rg8 25. Bg5 Nd5 26. Qh4 Bc3 27. Ne7
1-0

[Event "2MCR_3DE_1L_1S"]
[Site "?"]
[Date "2007.??.??"]
[Round "?"]
[White "Straka, Zdenek"]
[Black "Kuchta, Jiri"]
[Result "1/2-1/2"]
[WhiteElo "2398"]
[BlackElo "2244"]
[Annotator "003"]
[PlyCount "49"]
[EventDate "2007.??.??"]
[EventType "corr"]
[EventRounds "1"]
[SourceDate "2007.01.28"]

1. e4 e6 2. d4 d5 3. Nc3 Nf6 4. Bg5 dxe4 5. Nxe4 Nbd7 6. Nf3 Be7 7. Nxf6+ Bxf6
8. h4 a6 9. Bd3 c5 10. Bxf6 Qxf6 11. c3 cxd4 12. cxd4 Qd8 13. Qd2 O-O 14. h5 h6
15. g4 Re8 16. O-O b6 17. Be4 Ra7 18. Rac1 Bb7 19. Bxb7 Rxb7 20. Rc6 Nf6 21.
Ne5 Nd5 22. Rfc1 Rf8 23. R6c4 b5 24. Rc6 Ra7 25. a3 1/2-1/2

[Event "2MCR_3DE_1L_1S"]
[Site "?"]
[Date "2007.??.??"]
[Round "?"]
[White "Kuchta, Jiri"]
[Black "Toman, Antonin"]
[Result "0-1"]
[WhiteElo "2244"]
[BlackElo "2271"]
[Annotator "004"]
[PlyCount "36"]
[EventDate "2007.??.??"]
[EventType "corr"]
[EventRounds "1"]
[SourceDate "2007.01.28"]

1. d4 d5 2. Nf3 Nf6 3. e3 c5 4. dxc5 e6 5. c4 Bxc5 6. Nc3 O-O 7. cxd5 exd5 8.
Be2 Nc6 9. O-O Re8 10. Qb3 a6 11. Rd1 Be6 12. Na4 Bd6 13. Qxb7 Bd7 14. Qb6 Qe7
15. Nd4 Ne4 16. Nxc6 Qh4 17. g3 Nxg3 18. hxg3 Bxg3 0-1

[Event "2MCR_3DE_1L_1S"]
[Site "?"]
[Date "2007.??.??"]
[Round "?"]
[White "Zahour, Jiri"]
[Black "Straka, Zdenek"]
[Result "1/2-1/2"]
[WhiteElo "2307"]
[BlackElo "2398"]
[Annotator "005"]
[PlyCount "64"]
[EventDate "2007.??.??"]
[EventType "corr"]
[EventRounds "1"]
[SourceDate "2007.01.28"]

1. e4 e6 2. d4 d5 3. Nd2 Nf6 4. e5 Nfd7 5. c3 c5 6. Bd3 Nc6 7. Ne2 cxd4 8. cxd4
f6 9. exf6 Nxf6 10. Nf3 Bd6 11. O-O O-O 12. Bf4 Bxf4 13. Nxf4 Ne4 14. Ne2 Rxf3
15. gxf3 Ng5 16. Kh1 e5 17. Qb3 Kh8 18. Bc2 Qf8 19. f4 exf4 20. Qxd5 h6 21. Qc5
Bh3 22. Qxf8+ Rxf8 23. Rfe1 f3 24. Nf4 Nxd4 25. Bg6 Ne2 26. Nxh3 Nxh3 27. Rf1
Nef4 28. Be4 Rd8 29. Bxf3 Rd2 30. Bg2 Nxf2+ 31. Kg1 N2d3 32. Bxb7 g5 1/2-1/2

[Event "2MCR_3DE_1L_1S"]
[Site "?"]
[Date "2007.??.??"]
[Round "?"]
[White "Lounek, Jan"]
[Black "Straka, Zdenek"]
[Result "1/2-1/2"]
[WhiteElo "2425"]
[BlackElo "2398"]
[Annotator "006"]
[PlyCount "54"]
[EventDate "2007.??.??"]
[EventType "corr"]
[EventRounds "1"]
[SourceDate "2007.01.28"]

1. e4 e6 2. d4 d5 3. Nd2 Nf6 4. e5 Nfd7 5. c3 c5 6. Bd3 Nc6 7. Ne2 cxd4 8. cxd4
f6 9. exf6 Nxf6 10. Nf3 Bd6 11. O-O O-O 12. Bf4 Bxf4 13. Nxf4 Ng4 14. Qd2 Qd6
15. g3 Bd7 16. Rfe1 Rae8 17. Ng5 g6 18. Be2 Nf6 19. Bf3 h6 20. Nxg6 hxg5 21.
Nxf8 Qxf8 22. Qxg5+ Qg7 23. Qxg7+ Kxg7 24. Rad1 Rg8 25. Re3 Ne8 26. Bg4 Kf6 27.
Be2 Nd6 1/2-1/2

[Event "2MCR_3DE_1L_2S"]
[Site "?"]
[Date "2007.??.??"]
[Round "?"]
[White "Pecka, Josef"]
[Black "Popelka, Miloslav"]
[Result "1-0"]
[WhiteElo "2290"]
[BlackElo "2147"]
[Annotator "002"]
[PlyCount "39"]
[EventDate "2007.??.??"]
[EventType "corr"]
[EventRounds "1"]
[SourceDate "2007.01.28"]

1. e4 c5 2. Nf3 d6 3. d4 cxd4 4. Nxd4 Nf6 5. Nc3 a6 6. Bg5 e6 7. f4 Qb6 8. Qd2
Qxb2 9. Nb3 Qa3 10. Bxf6 gxf6 11. Be2 Nc6 12. O-O Bd7 13. Nb1 Qb4 14. Qe3 Ne7
15. c3 Qa4 16. f5 e5 17. c4 h5 18. Nc3 Bh6 19. Qd3 O-O-O 20. Nxa4 1-0

[Event "2MCR_3DE_1L_1S"]
[Site "?"]
[Date "2007.??.??"]
[Round "?"]
[White "Kuchta, Jiri"]
[Black "Lounek, Jan"]
[Result "1/2-1/2"]
[WhiteElo "2244"]
[BlackElo "2425"]
[Annotator "007"]
[PlyCount "59"]
[EventDate "2007.??.??"]
[EventType "corr"]
[EventRounds "1"]
[SourceDate "2007.01.28"]

1. d4 Nf6 2. c4 e6 3. Nf3 d5 4. e3 Be7 5. cxd5 exd5 6. Bd3 O-O 7. O-O c6 8. Qc2
Re8 9. b3 Bd6 10. Ba3 Bxa3 11. Nxa3 Qe7 12. Nb1 Ne4 13. a3 Bf5 14. Nc3 Nd7 15.
b4 Ndf6 16. Ne5 Nd7 17. Nxd7 Qxd7 18. Rfc1 Rac8 19. a4 Nd6 20. Bxf5 Nxf5 21. b5
Nd6 22. Qd3 Nc4 23. Rab1 f5 24. bxc6 bxc6 25. Ne2 Qf7 26. Rb3 Rb8 27. Rxb8 Rxb8
28. h3 g6 29. Qd1 Qb7 30. Nf4 1/2-1/2

[Event "2MCR_3DE_1L_2S"]
[Site "?"]
[Date "2007.??.??"]
[Round "?"]
[White "Glaser, Karel"]
[Black "Mikoska, Josef"]
[Result "1/2-1/2"]
[WhiteElo "2200"]
[BlackElo "2169"]
[Annotator "003"]
[PlyCount "76"]
[EventDate "2007.??.??"]
[EventType "corr"]
[EventRounds "1"]
[SourceDate "2007.01.28"]

1. e4 e5 2. Nf3 Nc6 3. Bb5 a6 4. Ba4 Nf6 5. O-O Bc5 6. c3 b5 7. Bc2 d5 8. d4
dxe4 9. Nxe5 Nxe5 10. dxe5 Qxd1 11. Rxd1 Ng4 12. Bxe4 Nxf2 13. Bc6+ Ke7 14. Rd5
Bb6 15. Bxa8 Nd3+ 16. Kf1 Nxc1 17. Na3 Be6 18. Rxc1 Rxa8 19. Rd3 Bf5 20. Rg3
Rd8 21. Nc2 Rd2 22. Nd4 Be4 23. Re1 Bd3+ 24. Rxd3 Rxd3 25. Ke2 Rxd4 26. cxd4
Bxd4 27. Rc1 Bxe5 28. Rc6 Kd7 29. Rxa6 Bxb2 30. g4 Be5 31. h3 b4 32. Kd3 Bd6
33. Ra8 Ke6 34. Rg8 Kf6 35. Kc4 Kg6 36. Rh8 h6 37. Rg8 Kf6 38. Kd5 g6 1/2-1/2

[Event "2MCR_3DE_1L_2S"]
[Site "?"]
[Date "2007.??.??"]
[Round "?"]
[White "Postl, Rostislav"]
[Black "Houska, Jiri"]
[Result "1/2-1/2"]
[WhiteElo "2340"]
[BlackElo "2244"]
[Annotator "005"]
[PlyCount "58"]
[EventDate "2007.??.??"]
[EventType "corr"]
[EventRounds "1"]
[SourceDate "2007.01.28"]

1. e4 c5 2. Nf3 d6 3. d4 cxd4 4. Nxd4 Nf6 5. Nc3 g6 6. Be2 Bg7 7. O-O O-O 8.
Be3 Nc6 9. Nb3 Be6 10. f4 Qc8 11. h3 Rd8 12. Nd4 Nxd4 13. Bxd4 Bc4 14. Qe1 b5
15. a3 a5 16. Bd3 b4 17. Na4 Bxd3 18. cxd3 Qc2 19. Nb6 Rab8 20. axb4 axb4 21.
Qe3 e5 22. fxe5 dxe5 23. Bxe5 Ng4 24. hxg4 Bxe5 25. Nd5 Qxb2 26. Rab1 Qd4 27.
Qxd4 Bxd4+ 28. Kh2 Rb5 29. Ne7+ Kf8 1/2-1/2

[Event "2MCR_3DE_1L_2S"]
[Site "?"]
[Date "2007.??.??"]
[Round "?"]
[White "Pecka, Josef"]
[Black "Glaser, Karel"]
[Result "1/2-1/2"]
[WhiteElo "2290"]
[BlackElo "2200"]
[Annotator "006"]
[PlyCount "85"]
[EventDate "2007.??.??"]
[EventType "corr"]
[EventRounds "1"]
[SourceDate "2007.01.28"]

1. e4 e5 2. f4 exf4 3. Bc4 Nf6 4. Nc3 c6 5. Bb3 d5 6. exd5 cxd5 7. d4 Bd6 8.
Nge2 O-O 9. Bxf4 Bxf4 10. Nxf4 Re8+ 11. Nfe2 Ng4 12. O-O Qh4 13. h3 Ne3 14. Qe1
Qg5 15. Nf4 Bd7 16. Qf2 Nxf1 17. Rxf1 Nc6 18. Nfxd5 Rf8 19. Ne4 Qh6 20. Ndf6+
gxf6 21. Nxf6+ Kh8 22. Nxd7 Rfd8 23. Ne5 Nxe5 24. dxe5 Rd2 25. Qxf7 Qe3+ 26.
Kh1 Qxe5 27. Qxb7 Rad8 28. Qf7 Re2 29. Qxa7 Rxg2 30. Kxg2 Rd2+ 31. Rf2 Qe4+ 32.
Kg3 Qe5+ 33. Rf4 Qe1+ 34. Kg4 Qe2+ 35. Kf5 Qh5+ 36. Ke6 Qg6+ 37. Ke5 Qh5+ 38.
Rf5 Re2+ 39. Kd4 Qxf5 40. Kc3 Qxh3+ 41. Kb4 Qh4+ 42. c4 Qd8 43. c5 1/2-1/2

[Event "2MCR_3DE_1L_2S"]
[Site "?"]
[Date "2007.??.??"]
[Round "?"]
[White "Glaser, Karel"]
[Black "Postl, Rostislav"]
[Result "1/2-1/2"]
[WhiteElo "2200"]
[BlackElo "2340"]
[Annotator "007"]
[PlyCount "92"]
[EventDate "2007.??.??"]
[EventType "corr"]
[EventRounds "1"]
[SourceDate "2007.01.28"]

1. e4 e5 2. Nf3 Nc6 3. Bb5 a6 4. Ba4 Nf6 5. O-O Be7 6. Re1 b5 7. Bb3 d6 8. c3
O-O 9. h3 Na5 10. Bc2 c5 11. d4 Qc7 12. Nbd2 cxd4 13. cxd4 Bb7 14. d5 Rac8 15.
Bd3 Nd7 16. Nf1 f5 17. b3 Nc5 18. Ng3 fxe4 19. Bxe4 Nxe4 20. Nxe4 Ba8 21. Nfg5
Bxg5 22. Bxg5 Qd7 23. Qd3 Nb7 24. Be3 Nc5 25. Bxc5 dxc5 26. Rad1 Qf5 27. Qg3
Qf4 28. Qxf4 Rxf4 29. f3 Rff8 30. Kf2 c4 31. bxc4 Rfd8 32. cxb5 axb5 33. Re2
Rxd5 34. Rxd5 Bxd5 35. Nd6 Ra8 36. Rxe5 Rxa2+ 37. Kg3 Bc6 38. Rc5 Ra6 39. Nxb5
Ra5 40. Rxc6 Rxb5 41. Kg4 Rb7 42. f4 g6 43. Rd6 Kg7 44. g3 Ra7 45. Rd8 Rb7 46.
Kh4 Ra7 1/2-1/2

[Event "2MCR_3DE_1L_3S"]
[Site "?"]
[Date "2007.??.??"]
[Round "?"]
[White "Splichal, Josef"]
[Black "Schwarz, Jan"]
[Result "1/2-1/2"]
[WhiteElo "2168"]
[BlackElo "2266"]
[Annotator "005"]
[PlyCount "89"]
[EventDate "2007.??.??"]
[EventType "corr"]
[EventRounds "1"]
[SourceDate "2007.01.28"]

1. e4 e5 2. Nf3 Nc6 3. Bb5 Nf6 4. O-O Nxe4 5. d4 Nd6 6. Bxc6 dxc6 7. dxe5 Nf5
8. Qxd8+ Kxd8 9. Nc3 h6 10. b3 Bd7 11. Rd1 Kc8 12. a4 a5 13. Bb2 Be7 14. Rd2 b6
15. Rad1 Be6 16. Ne2 Bd5 17. Nfd4 Nxd4 18. Nxd4 Bg5 19. Re2 Kb7 20. c4 Be6 21.
Nxe6 fxe6 22. Re4 c5 23. h4 Be7 24. Kf1 h5 25. Ke2 g5 26. hxg5 Bxg5 27. Rh1
Rad8 28. Bc3 Kc6 29. f4 Be7 30. g3 Rdf8 31. Kd3 Rd8+ 32. Kc2 Rhg8 33. Re3 h4
34. gxh4 Rg2+ 35. Kc1 Bf8 36. Rf3 Bh6 37. Kb1 Rdg8 38. Rhf1 Re2 39. R3f2 Rxf2
40. Rxf2 Rg4 41. f5 exf5 42. Rxf5 Rxh4 43. Rf6+ Kd7 44. Rf7+ Kc6 45. Rh7
1/2-1/2

[Event "2MCR_3DE_1L_2S"]
[Site "?"]
[Date "2007.??.??"]
[Round "?"]
[White "Popelka, Miloslav"]
[Black "Postl, Rostislav"]
[Result "1-0"]
[WhiteElo "2147"]
[BlackElo "2340"]
[Annotator "008"]
[PlyCount "81"]
[EventDate "2007.??.??"]
[EventType "corr"]
[EventRounds "1"]
[SourceDate "2007.01.28"]

1. e4 e5 2. Nf3 Nc6 3. Bb5 a6 4. Ba4 Nf6 5. O-O Bc5 6. c3 Ba7 7. d4 O-O 8. Bg5
h6 9. Bh4 exd4 10. Qc1 d6 11. Bxc6 bxc6 12. cxd4 g5 13. Nxg5 hxg5 14. Qxg5+ Kh7
15. Rd1 Rb8 16. Rd3 Rg8 17. Qxf6 Qxf6 18. Bxf6 Rxb2 19. Nc3 Rg6 20. Bd8 f5 21.
Re1 Bb6 22. e5 dxe5 23. Na4 Rxa2 24. Nxb6 cxb6 25. dxe5 b5 26. Bf6 f4 27. Rd8
Rg8 28. Rxg8 Kxg8 29. e6 b4 30. h4 b3 31. h5 a5 32. e7 Bd7 33. Rd1 Be8 34. Rd8
Kf7 35. h6 Kxf6 36. Rxe8 b2 37. Rb8 b1=Q+ 38. Rxb1 Re2 39. h7 Kg7 40. h8=Q+
Kxh8 41. Rb8+ 1-0

[Event "2MCR_3DE_1L_2S"]
[Site "?"]
[Date "2007.??.??"]
[Round "?"]
[White "Mikoska, Josef"]
[Black "Houska, Jiri"]
[Result "1/2-1/2"]
[WhiteElo "2169"]
[BlackElo "2244"]
[Annotator "009"]
[PlyCount "62"]
[EventDate "2007.??.??"]
[EventType "corr"]
[EventRounds "1"]
[SourceDate "2007.01.28"]

1. e4 c5 2. Nf3 d6 3. d4 cxd4 4. Nxd4 Nf6 5. Nc3 g6 6. Be3 Bg7 7. f3 O-O 8. Qd2
Nc6 9. O-O-O d5 10. exd5 Nxd5 11. Nxc6 bxc6 12. Bd4 Bxd4 13. Qxd4 Qb6 14. Nxd5
cxd5 15. h4 Rd8 16. h5 Qxd4 17. Rxd4 e5 18. Ra4 Kg7 19. Ra5 Be6 20. Bd3 f5 21.
Ra6 Re8 22. hxg6 hxg6 23. f4 exf4 24. Rf1 g5 25. Re1 Kf7 26. Re5 Bc8 27. Rxe8
Kxe8 28. Rg6 g4 29. Rg7 Kf8 30. Rh7 a5 31. Kd2 Kg8 1/2-1/2

[Event "2MCR_3DE_1L_1S"]
[Site "?"]
[Date "2007.??.??"]
[Round "?"]
[White "Kuchta, Jiri"]
[Black "Hrdy, Roman"]
[Result "1/2-1/2"]
[WhiteElo "2244"]
[BlackElo "2284"]
[Annotator "008"]
[PlyCount "62"]
[EventDate "2007.??.??"]
[EventType "corr"]
[EventRounds "1"]
[SourceDate "2007.01.28"]

1. d4 e6 2. e4 d5 3. Nc3 Bb4 4. e5 c5 5. a3 Ba5 6. b4 cxd4 7. Qg4 Ne7 8. bxa5
dxc3 9. Qxg7 Rg8 10. Qxh7 Nbc6 11. Nf3 Qxa5 12. Rb1 Qc7 13. Bf4 Bd7 14. Bg3
O-O-O 15. Qd3 d4 16. Nxd4 Nxd4 17. Qxd4 Nf5 18. Qxa7 Bc6 19. f4 Qd7 20. Bd3
Nxg3 21. hxg3 Rxg3 22. Rd1 Qd4 23. Qa8+ Kc7 24. Qa5+ Qb6 25. Qxb6+ Kxb6 26. Rh2
Rdg8 27. Rb1+ Kc5 28. Rb4 Rxg2 29. Rxg2 Rxg2 30. Rc4+ Kd5 31. Rb4 Kc5 1/2-1/2

[Event "2MCR_3DE_1L_2S"]
[Site "?"]
[Date "2007.??.??"]
[Round "?"]
[White "Popelka, Miloslav"]
[Black "Houska, Jiri"]
[Result "1/2-1/2"]
[WhiteElo "2147"]
[BlackElo "2244"]
[Annotator "010"]
[PlyCount "88"]
[EventDate "2007.??.??"]
[EventType "corr"]
[EventRounds "1"]
[SourceDate "2007.01.28"]

1. e4 c5 2. Nf3 d6 3. d4 cxd4 4. Nxd4 Nf6 5. Nc3 g6 6. Be3 Bg7 7. f3 O-O 8. Qd2
Nc6 9. O-O-O d5 10. exd5 Nxd5 11. Nxc6 bxc6 12. Bd4 Bxd4 13. Qxd4 Qb6 14. Na4
Qa5 15. b3 Bf5 16. g4 Be6 17. Qe5 Qb4 18. c4 Nf6 19. h4 Rfd8 20. Be2 Nd7 21.
Qc3 Qa3+ 22. Qb2 Qb4 23. h5 g5 24. Rd2 Nc5 25. Nxc5 Qxc5 26. h6 f6 27. Rhd1
Rxd2 28. Rxd2 a5 29. Qd4 Qa3+ 30. Kd1 a4 31. Qe4 Bf7 32. Bd3 Bg6 33. Qe6+ Bf7
34. Bxh7+ Kf8 35. Qxc6 axb3 36. axb3 Qxb3+ 37. Ke2 Qxc4+ 38. Qxc4 Bxc4+ 39. Ke3
Ra3+ 40. Kd4 Ra2 41. Bc2 Be6 42. Ke3 Ra3+ 43. Kf2 Ra8 44. Kg3 Kf7 1/2-1/2

[Event "2MCR_3DE_1L_2S"]
[Site "?"]
[Date "2007.??.??"]
[Round "?"]
[White "Mikoska, Josef"]
[Black "Postl, Rostislav"]
[Result "1/2-1/2"]
[WhiteElo "2169"]
[BlackElo "2340"]
[Annotator "011"]
[PlyCount "53"]
[EventDate "2007.??.??"]
[EventType "corr"]
[EventRounds "1"]
[SourceDate "2007.01.28"]

1. e4 e5 2. Nf3 Nc6 3. Bb5 a6 4. Ba4 Nf6 5. O-O Be7 6. Re1 b5 7. Bb3 d6 8. c3
O-O 9. h3 Na5 10. Bc2 c5 11. d4 Qc7 12. Nbd2 cxd4 13. cxd4 Nc6 14. a3 Bd7 15.
Bd3 exd4 16. Nb3 d5 17. exd5 Nxd5 18. Nfxd4 Rfe8 19. Bd2 Nxd4 20. Nxd4 Nf6 21.
Rc1 Qb6 22. Be3 Bc5 23. Qd2 b4 24. Nf5 Bxe3 25. Nxe3 bxa3 26. bxa3 Rad8 27. Qb4
1/2-1/2

[Event "2MCR_3DE_1L_2S"]
[Site "?"]
[Date "2007.??.??"]
[Round "?"]
[White "Valak, Alois"]
[Black "Popelka, Miloslav"]
[Result "1/2-1/2"]
[WhiteElo "2353"]
[BlackElo "2147"]
[Annotator "012"]
[PlyCount "64"]
[EventDate "2007.??.??"]
[EventType "corr"]
[EventRounds "1"]
[SourceDate "2007.01.28"]

1. d4 Nf6 2. Nf3 e6 3. c4 b6 4. g3 Ba6 5. b3 Bb4+ 6. Bd2 Be7 7. Nc3 O-O 8. Bg2
c6 9. e4 d5 10. Qe2 b5 11. e5 Nfd7 12. cxb5 cxb5 13. Qd1 Nc6 14. Ne2 Rc8 15.
O-O Qb6 16. Rc1 Rc7 17. Be3 Rfc8 18. Bh3 Nb4 19. Rxc7 Rxc7 20. Qb1 Nc2 21. Rc1
Nxe3 22. Rxc7 Qxc7 23. fxe3 b4 24. Bf1 Bb7 25. Kf2 h6 26. Nf4 Nf8 27. Bd3 a5
28. h4 f6 29. exf6 gxf6 30. Bh7+ Kf7 31. Bg6+ Kg8 32. Bh7+ Kf7 1/2-1/2

[Event "2MCR_3DE_1L_2S"]
[Site "?"]
[Date "2007.??.??"]
[Round "?"]
[White "Canibal, Jaromir"]
[Black "Bares, Jiri"]
[Result "1/2-1/2"]
[WhiteElo "2255"]
[BlackElo "2214"]
[Annotator "013"]
[PlyCount "29"]
[EventDate "2007.??.??"]
[EventType "corr"]
[EventRounds "1"]
[SourceDate "2007.01.28"]

1. e4 c5 2. c3 d5 3. exd5 Qxd5 4. d4 cxd4 5. Nf3 Bg4 6. Be2 d3 7. Qxd3 Qxd3 8.
Bxd3 Bxf3 9. gxf3 Nc6 10. Be3 e6 11. Nd2 O-O-O 12. Ke2 Nf6 13. Rhg1 g6 14. Bb5
Rd7 15. Bxc6 1/2-1/2

[Event "2MCR_3DE_1L_1S"]
[Site "?"]
[Date "2007.??.??"]
[Round "?"]
[White "Kuchta, Jiri"]
[Black "Contos, Vaclav"]
[Result "0-1"]
[WhiteElo "2244"]
[BlackElo "2200"]
[Annotator "009"]
[PlyCount "60"]
[EventDate "2007.??.??"]
[EventType "corr"]
[EventRounds "1"]
[SourceDate "2007.01.28"]

1. d4 Nf6 2. c4 e6 3. Nf3 c5 4. Nc3 cxd4 5. Nxd4 Bb4 6. Ndb5 d5 7. Bf4 O-O 8.
Nc7 Ne4 9. Nxa8 Qf6 10. Qc2 Bd7 11. f3 Ba4 12. Qd3 Nxc3 13. Bd2 d4 14. a3 Nc6
15. f4 e5 16. Qh3 Ba5 17. b4 exf4 18. bxa5 Ne5 19. Bxc3 Bd7 20. g4 Bxg4 21. Qg2
Qh4+ 22. Kd2 Nxc4+ 23. Kd3 dxc3 24. Nc7 Ne3 25. Qe4 Qd8+ 26. Nd5 Nxd5 27. Ra2
Ne3+ 28. Kxc3 Qxa5+ 29. Kb2 Bf5 30. Qxf5 Qxf5 0-1

[Event "2MCR_3DE_1L_1S"]
[Site "?"]
[Date "2007.??.??"]
[Round "?"]
[White "Svoboda, Frantisek"]
[Black "Straka, Zdenek"]
[Result "1/2-1/2"]
[WhiteElo "2388"]
[BlackElo "2398"]
[Annotator "010"]
[PlyCount "50"]
[EventDate "2007.??.??"]
[EventType "corr"]
[EventRounds "1"]
[SourceDate "2007.01.28"]

1. c4 Nf6 2. Nc3 e5 3. Nf3 Nc6 4. g3 d5 5. cxd5 Nxd5 6. Bg2 Nb6 7. O-O Be7 8.
a3 O-O 9. b4 Be6 10. Rb1 a6 11. d3 f5 12. Nd2 Nd5 13. Bb2 Qd7 14. Nb3 Rad8 15.
Qc2 Rf7 16. Rfc1 Nxc3 17. Qxc3 f4 18. Nc5 Bxc5 19. Qxc5 Ba2 20. Ra1 Bd5 21.
Qxd5 Qxd5 22. Bxd5 Rxd5 23. f3 fxg3 24. hxg3 Nd4 25. Bxd4 exd4 1/2-1/2

[Event "2MCR_3DE_1L_1S"]
[Site "?"]
[Date "2007.??.??"]
[Round "?"]
[White "Lounek, Jan"]
[Black "Contos, Vaclav"]
[Result "1/2-1/2"]
[WhiteElo "2425"]
[BlackElo "2200"]
[Annotator "011"]
[PlyCount "59"]
[EventDate "2007.??.??"]
[EventType "corr"]
[EventRounds "1"]
[SourceDate "2007.01.28"]

1. e4 c6 2. d4 d5 3. Nd2 dxe4 4. Nxe4 Nd7 5. Ng5 Ngf6 6. Bd3 e6 7. N1f3 Bd6 8.
Qe2 h6 9. Ne4 Nxe4 10. Qxe4 Qc7 11. O-O b6 12. Qg4 Kf8 13. b3 Bb7 14. Bb2 Nf6
15. Qh4 c5 16. dxc5 Qxc5 17. Bxf6 gxf6 18. Qxf6 Qh5 19. Be2 Rg8 20. g3 Rg6 21.
Qh4 Qc5 22. Rad1 e5 23. Rfe1 Qc6 24. Rd2 Re8 25. Red1 Kg7 26. Qh5 Bc5 27. Rd7
Bd4 28. Qf5 Rf6 29. Qg4+ Rg6 30. Qf5 1/2-1/2

[Event "2MCR_3DE_1L_2S"]
[Site "?"]
[Date "2007.??.??"]
[Round "?"]
[White "Glaser, Karel"]
[Black "Popelka, Miloslav"]
[Result "1/2-1/2"]
[WhiteElo "2200"]
[BlackElo "2147"]
[Annotator "014"]
[PlyCount "75"]
[EventDate "2007.??.??"]
[EventType "corr"]
[EventRounds "1"]
[SourceDate "2007.01.28"]

1. e4 c5 2. Nf3 d6 3. d4 cxd4 4. Nxd4 Nf6 5. Nc3 a6 6. Be3 e6 7. Be2 Qc7 8. a4
b6 9. f4 Bb7 10. Bf3 Nbd7 11. Qe2 Rc8 12. O-O Be7 13. Nb3 O-O 14. Rad1 Rfe8 15.
Qf2 Bf8 16. Rd2 Qb8 17. Bd4 e5 18. fxe5 dxe5 19. Be3 Bb4 20. Bg4 Nc5 21. Bxc8
Bxc3 22. Bf5 Bxd2 23. Nxd2 a5 24. Bg5 Qd6 25. Qe3 Ba6 26. Rf2 Nfd7 27. Qf3 h6
28. Be3 Rd8 29. b3 Nf6 30. g4 Qc6 31. g5 hxg5 32. Bxg5 Rd6 33. h3 Ne6 34. Bxf6
Nd4 35. Qh5 Rxf6 36. Qh7+ Kf8 37. Qh8+ Ke7 38. Qb8 1/2-1/2

[Event "2MCR_3DE_1L_2S"]
[Site "?"]
[Date "2007.??.??"]
[Round "?"]
[White "Mikoska, Josef"]
[Black "Nepustil, Frantisek"]
[Result "1/2-1/2"]
[WhiteElo "2169"]
[BlackElo "2335"]
[Annotator "015"]
[PlyCount "46"]
[EventDate "2007.??.??"]
[EventType "corr"]
[EventRounds "1"]
[SourceDate "2007.01.28"]

1. e4 c6 2. d4 d5 3. Nc3 dxe4 4. Nxe4 Nf6 5. Nxf6+ exf6 6. Nf3 Bd6 7. Bd3 O-O
8. O-O Bg4 9. h3 Bh5 10. c3 Nd7 11. Re1 Qc7 12. Qe2 Nb6 13. c4 Bb4 14. Rf1 Rfe8
15. Be3 Rad8 16. a3 Bf8 17. Rfe1 Qd7 18. Qc2 Bxf3 19. Bxh7+ Kh8 20. Bf5 Be4 21.
Bxe4 Nxc4 22. Rad1 Nxe3 23. Rxe3 g6 1/2-1/2

[Event "2MCR_3DE_1L_2S"]
[Site "?"]
[Date "2007.??.??"]
[Round "?"]
[White "Popelka, Miloslav"]
[Black "Mikoska, Josef"]
[Result "1/2-1/2"]
[WhiteElo "2147"]
[BlackElo "2169"]
[Annotator "016"]
[PlyCount "81"]
[EventDate "2007.??.??"]
[EventType "corr"]
[EventRounds "1"]
[SourceDate "2007.01.28"]

1. e4 e5 2. Nf3 Nc6 3. Bb5 a6 4. Ba4 Nf6 5. O-O Bc5 6. c3 b5 7. Bc2 d5 8. d4
dxe4 9. Nxe5 Nxe5 10. dxe5 Qxd1 11. Rxd1 Ng4 12. Bxe4 Nxf2 13. Bc6+ Ke7 14. Rd5
Bb6 15. Bxa8 Nd3+ 16. Kf1 Nxc1 17. Na3 Be6 18. Rxc1 Rxa8 19. Rd3 Bf5 20. Rg3
Rd8 21. Nc2 Rd2 22. Nd4 Be4 23. Re1 Bd3+ 24. Rxd3 Rxd3 25. Ke2 Rxd4 26. cxd4
Bxd4 27. b3 Bxe5 28. Kf3 Ke6 29. Rc1 Kd5 30. Rd1+ Bd4 31. b4 f6 32. h4 h5 33.
g4 hxg4+ 34. Kxg4 Ke4 35. Rc1 Bb6 36. Rf1 Be3 37. h5 Bd2 38. Rf5 Be3 39. Rf3
Bd2 40. Rf2 Be3 41. Rf3 1/2-1/2

[Event "2MCR_3DE_1L_3S"]
[Site "?"]
[Date "2007.??.??"]
[Round "?"]
[White "Mezera, Lukas"]
[Black "Krouzel, Jaroslav"]
[Result "1/2-1/2"]
[WhiteElo "2286"]
[BlackElo "2298"]
[Annotator "006"]
[PlyCount "33"]
[EventDate "2007.??.??"]
[EventType "corr"]
[EventRounds "1"]
[SourceDate "2007.01.28"]

1. Nf3 d5 2. d4 Nf6 3. c4 c6 4. Nc3 e6 5. Bg5 Nbd7 6. e3 Qa5 7. cxd5 Nxd5 8.
Qd2 Bb4 9. Rc1 O-O 10. Bd3 h6 11. Bh4 e5 12. O-O exd4 13. exd4 Re8 14. Bb1 Nf8
15. Bg3 Be6 16. Qd3 Rad8 17. Ne4 1/2-1/2

[Event "2MCR_3DE_1L_1S"]
[Site "?"]
[Date "2007.??.??"]
[Round "?"]
[White "Novak, Vratislav"]
[Black "Kuchta, Jiri"]
[Result "1-0"]
[WhiteElo "2292"]
[BlackElo "2244"]
[Annotator "012"]
[PlyCount "66"]
[EventDate "2007.??.??"]
[EventType "corr"]
[EventRounds "1"]
[SourceDate "2007.01.28"]

1. e4 e6 2. d4 d5 3. Nc3 Nf6 4. e5 Nfd7 5. f4 c5 6. Nf3 Nc6 7. Be3 a6 8. Qd2 b5
9. dxc5 Bb7 10. Qf2 Qa5 11. Bd3 Qb4 12. O-O Qxb2 13. Na4 bxa4 14. Rab1 Qc3 15.
Rxb7 Rc8 16. Ng5 Nd8 17. f5 Nxe5 18. fxe6 f6 19. e7 Bxe7 20. Rxe7+ Kxe7 21. Bd4
Qa5 22. Re1 Rc6 23. c3 g6 24. Qf3 Kd7 25. Qxd5+ Kc8 26. Bxe5 fxe5 27. Ne4 Re8
28. Be2 h5 29. Rd1 Re7 30. Kh1 a3 31. h3 Qc7 32. Bxa6+ Rxa6 33. Nd6+ Rxd6 1-0